The influence of Hudson Taylor on the faith missions movement / (Record no. 46314)
[ view plain ]
| 000 -LEADER | |
|---|---|
| fixed length control field | 01128cam a2200337 i 4500 |
| 001 - CONTROL NUMBER | |
| control field | 298566 |
| 005 - DATE AND TIME OF LATEST TRANSACTION | |
| control field | 20190506085406.0 |
| 008 - FIXED-LENGTH DATA ELEMENTS--GENERAL INFORMATION | |
| fixed length control field | 900522s1984 si b 000 0deng d |
| 020 ## - INTERNATIONAL STANDARD BOOK NUMBER | |
| International Standard Book Number | 9971972034 |
| 035 ## - SYSTEM CONTROL NUMBER | |
| System control number | (CStRLIN)NJPT90-B3955 |
| 035 ## - SYSTEM CONTROL NUMBER | |
| System control number | (OCoLC)ocm12049316 |
| 035 ## - SYSTEM CONTROL NUMBER | |
| System control number | 298566 |
| 040 ## - CATALOGING SOURCE | |
| Original cataloging agency | CtY-D |
| Language of cataloging | eng |
| Description conventions | rda |
| Transcribing agency | CtY-D |
| 043 ## - GEOGRAPHIC AREA CODE | |
| Geographic area code | a-cc--- |
| 100 1# - MAIN ENTRY--PERSONAL NAME | |
| Personal name | Bacon, Daniel W. |
| 245 14 - TITLE STATEMENT | |
| Title | The influence of Hudson Taylor on the faith missions movement / |
| Statement of responsibility, etc | by Daniel W. Bacon. |
| 260 ## - PUBLICATION, DISTRIBUTION, ETC. (IMPRINT) | |
| Place of publication, distribution, etc | Singapore : |
| Name of publisher, distributor, etc | Overseas Missionary Fellowship, |
| Date of publication, distribution, etc | 1984. |
| 300 ## - PHYSICAL DESCRIPTION | |
| Extent | 198 pages ; |
| Dimensions | 26 cm. |
| 336 ## - CONTENT TYPE | |
| Content Type Term | text |
| Source | rdacontent |
| 337 ## - MEDIA TYPE | |
| Media Type Term | unmediated |
| Source | rdamedia |
| 338 ## - CARRIER TYPE | |
| Carrier Type Term | volume |
| Source | rdacarrier |
| 490 1# - SERIES STATEMENT | |
| Series statement | OMF books study series |
| 500 ## - GENERAL NOTE | |
| General note | Cover title: From faith to faith. |
| 500 ## - GENERAL NOTE | |
| General note | Originally presented as the author's thesis (D.Miss.) -- Trinity Evangelical Divinity School, 1983. |
| 504 ## - BIBLIOGRAPHY, ETC. NOTE | |
| Bibliography, etc | Bibliography: pages 193-198. |
| 600 10 - SUBJECT ADDED ENTRY--PERSONAL NAME | |
| Personal name | Taylor, James Hudson, |
| Dates associated with a name | 1832-1905. |
| 650 #0 - SUBJECT ADDED ENTRY--TOPICAL TERM | |
| Topical term or geographic name as entry element | Missions |
| Geographic subdivision | China |
| General subdivision | History. |
| 740 0# - ADDED ENTRY--UNCONTROLLED RELATED/ANALYTICAL TITLE | |
| Uncontrolled related/analytical title | From faith to faith. |
| 830 #0 - SERIES ADDED ENTRY--UNIFORM TITLE | |
| Uniform title | OMF books study series. |
| 942 ## - ADDED ENTRY ELEMENTS (KOHA) | |
| Source of classification or shelving scheme | Library of Congress Classification |
| Item type | Books |
| Withdrawn status | Lost status | Source of classification or shelving scheme | Damaged status | Not for loan | Home library | Current library | Shelving location | Date acquired | Inventory number | Total Checkouts | Full call number | Barcode | Date last seen | Price effective from | Koha item type |
|---|---|---|---|---|---|---|---|---|---|---|---|---|---|---|---|
| Library of Congress Classification | BSOP Library | BSOP Library | GC | 05/06/2019 | 13437 | BV3427 B13 | 00018419 | 05/06/2019 | 05/06/2019 | Books |
